01603nam a2200325 i 450000500170000000700030001700800390002002000150005904000350007404100120010904300120012108400110013310000500014424501090019425000250030326400290032830000250035733600270038233700330040933800280044252005110047052100540098153400500103565000360108565000400112165000310116170000550119294200150124799900150126220220317000555.0ta200423s2005 mx gr 000 f spa a9700752755 aCO-BoRNBPbspaerdacCO-BoRNBP1 aspahsw ae-sw--- aN LAG11 aLagerlöf, Selma Otillanad1858-1940eautora13aEl maravilloso viaje de Nils HolgerssoncSelma Lagerlöf ; introducción de Palma Guillén de Nicolau aUndécima edición 1aMéxicobPorrúac2005 a325 páginasc22 cm atextobtxt2rdacontent asin mediaciónbn2rdamedia avolumenbnc2rdacarrier aEl pequeño Nils Holgersson ha sido convertido en un duendecillo en castigo por su mal comportamiento. Para romper el hechizo y volver a ser un niño deberá acompañar a una bandada de gansos en su viaje a través de Suecia. Junto a ellos vivirá numerosas aventuras, unas peligrosas y otras divertidas, pero ninguna le dejará indiferente. Este va a ser para Nils el viaje de su vida, el descubrimiento de un mundo que le cambiará para siempre y le convertirá en persona, en todos los sentidos aRecomendado para un público infantil y juvenil  tNils Holgerssons underbara resa genom Sverige17aNovela suecaySiglo XIX2ARMARC17aLiteratura suecaySiglo XIX2ARMARC17aNaturalezavNovela2ARMARC1 aGuillén de Nicolau, Palmaeintroducción915608 2loccBKLIT c4437d4437